Online
Catalog

Noticias CODETEL. (Record no. 36627)

MARC details
000 -CABECERA
campo de control de longitud fija 00513nas a2200181 4500
001 - NÚMERO DE CONTROL
campo de control 000037137
003 - IDENTIFICADOR DEL NÚMERO DE CONTROL
campo de control DLC
005 - FECHA Y HORA DE LA ÚLTIMA TRANSACCIÓN
campo de control 20200930080150.0
008 - DATOS DE LONGITUD FIJA--INFORMACIÓN GENERAL
campo de control de longitud fija 120216c19949999dr mr1p dd 0 0spa d
040 ## - FUENTE DE LA CATALOGACIÓN
Centro catalogador/agencia de origen DO-SdBNP
Lengua de catalogación spa
Centro/agencia transcriptor BNPHU
043 ## - CÓDIGO DE ÁREA GEOGRÁFICA
Código de área geográfica nwdr
245 00 - MENCIÓN DE TÍTULO
Título Noticias CODETEL.
260 ## - PUBLICACIÓN, DISTRIBUCIÓN, ETC.
Lugar de publicación, distribución, etc. Santo Domingo :
Nombre del editor, distribuidor, etc. CODETEL.
300 ## - DESCRIPCIÓN FÍSICA
Extensión v. :
Otras características físicas il., retrs. ;
Dimensiones 36 cm.
310 ## - PERIODICIDAD ACTUAL
Periodicidad actual Mensual
362 1# - FECHAS DE PUBLICACIÓN Y/O DESIGNACIÓN SECUENCIAL
Fecha de publicación y/o designación secuencial Año 20. no. 213 (Diciembre 1994)
500 ## - NOTA GENERAL
Nota general Catalogación basada en el ejemplar año 20. no. 213 (Diciembre 1994)

No items available.

Powered by Koha